<?xml version="1.0" encoding="UTF-8"?>
<record
    xmlns:xsi="http://www.w3.org/2001/XMLSchema-instance"
    xsi:schemaLocation="http://www.loc.gov/MARC21/slim http://www.loc.gov/standards/marcxml/schema/MARC21slim.xsd"
    xmlns="http://www.loc.gov/MARC21/slim">

  <leader>02011nam a22002417a 4500</leader>
  <controlfield tag="003">OSt</controlfield>
  <controlfield tag="005">20260428115909.0</controlfield>
  <controlfield tag="008">260428b        |||||||| |||| 00| 0 esp d</controlfield>
  <datafield tag="020" ind1=" " ind2=" ">
    <subfield code="a">9789974814639</subfield>
  </datafield>
  <datafield tag="082" ind1=" " ind2=" ">
    <subfield code="2">9789974814639</subfield>
  </datafield>
  <datafield tag="100" ind1=" " ind2=" ">
    <subfield code="a">Dr. Carlos J. Ausbruch Moreno</subfield>
  </datafield>
  <datafield tag="245" ind1=" " ind2=" ">
    <subfield code="a">Manual Pr&#xE1;ctico de Tecnolog&#xED;a Radiol&#xF3;gica Dental y Maxilofacial</subfield>
  </datafield>
  <datafield tag="250" ind1=" " ind2=" ">
    <subfield code="a">1ra edici&#xF3;n</subfield>
  </datafield>
  <datafield tag="260" ind1=" " ind2=" ">
    <subfield code="a"> Bogot&#xE1;/Buenos Aires</subfield>
    <subfield code="b"> Editorial Reymo </subfield>
    <subfield code="c">2009</subfield>
  </datafield>
  <datafield tag="300" ind1=" " ind2=" ">
    <subfield code="a"> 464 p&#xE1;g</subfield>
    <subfield code="c">24 x 17</subfield>
  </datafield>
  <datafield tag="490" ind1=" " ind2=" ">
    <subfield code="3">tapa dura </subfield>
  </datafield>
  <datafield tag="520" ind1=" " ind2=" ">
    <subfield code="a">El objetivo primordial de esta obra t&#xE9;cnica consiste en proporcionar una gu&#xED;a integral y sistematizada sobre los principios fundamentales de la radiolog&#xED;a aplicada al &#xE1;rea odontol&#xF3;gica y maxilofacial. El autor se propone dotar al profesional y al estudiante de herramientas te&#xF3;ricas y pr&#xE1;cticas para la correcta manipulaci&#xF3;n de la aparatolog&#xED;a radiol&#xF3;gica de &#xFA;ltima generaci&#xF3;n. A trav&#xE9;s de su contenido, el manual busca estandarizar los protocolos de adquisici&#xF3;n de im&#xE1;genes, asegurando que cada toma cumpla con los est&#xE1;ndares diagn&#xF3;sticos requeridos en la pr&#xE1;ctica cl&#xED;nica actual. Asimismo, el texto enfatiza la importancia de la seguridad radiol&#xF3;gica, estableciendo normas estrictas de bioseguridad para proteger tanto al operador como al paciente durante el procedimiento. La obra tambi&#xE9;n persigue el desarrollo de habilidades cr&#xED;ticas para la interpretaci&#xF3;n precisa de radiograf&#xED;as intraorales y extraorales en diversas patolog&#xED;as. El enfoque did&#xE1;ctico facilita la transici&#xF3;n del conocimiento acad&#xE9;mico a la aplicaci&#xF3;n directa en el consultorio, optimizando los recursos t&#xE9;cnicos disponibles. En &#xFA;ltima instancia, el libro pretende elevar la calidad de los diagn&#xF3;sticos por imagen, permitiendo tratamientos odontol&#xF3;gicos m&#xE1;s precisos y seguros.</subfield>
  </datafield>
  <datafield tag="650" ind1=" " ind2=" ">
    <subfield code="x">Fundamentos de la Radiolog&#xED;a:</subfield>
  </datafield>
  <datafield tag="651" ind1=" " ind2=" ">
    <subfield code="x">Aparatolog&#xED;a y Equipamiento</subfield>
  </datafield>
  <datafield tag="654" ind1=" " ind2=" ">
    <subfield code="x">T&#xE9;cnicas Radiogr&#xE1;ficas Intraorales</subfield>
  </datafield>
  <datafield tag="700" ind1=" " ind2=" ">
    <subfield code="a">Dr. Carlos J. Ausbruch Moreno</subfield>
  </datafield>
  <datafield tag="942" ind1=" " ind2=" ">
    <subfield code="2">ddc</subfield>
    <subfield code="c">BK</subfield>
    <subfield code="n">0</subfield>
  </datafield>
  <datafield tag="952" ind1=" " ind2=" ">
    <subfield code="0">0</subfield>
    <subfield code="1">0</subfield>
    <subfield code="2">ddc</subfield>
    <subfield code="4">0</subfield>
    <subfield code="7">0</subfield>
    <subfield code="8">D04</subfield>
    <subfield code="a">ISUS</subfield>
    <subfield code="b">ISUS</subfield>
    <subfield code="c">Biblioteca Cerrada</subfield>
    <subfield code="d">2026-04-28</subfield>
    <subfield code="e">odontologia</subfield>
    <subfield code="f">0786</subfield>
    <subfield code="i">0786</subfield>
    <subfield code="l">0</subfield>
    <subfield code="o">odontolog&#xED;a </subfield>
    <subfield code="p">ODON0786</subfield>
    <subfield code="r">2026-04-28 12:00:27</subfield>
    <subfield code="t">1</subfield>
    <subfield code="w">2026-04-28</subfield>
    <subfield code="y">BK</subfield>
  </datafield>
  <datafield tag="999" ind1=" " ind2=" ">
    <subfield code="c">2079</subfield>
    <subfield code="d">2079</subfield>
  </datafield>
</record>
